000 00421nam a2200145Ia 4500
008 230312s9999||||xx |||||||||||||| ||und||
020 _a0-471-39366-5
082 _a332.024
_bEXP
245 0 _aExpert Financial Planning
260 _bJhon Wiley & sons
_aNew York
_c2001
300 _a427
546 _aEng.
650 _aEconomics
_vTaking control , Developing a financial pla , Achieving a financial security
942 _cBK
999 _c2316
_d2316